Memoria sobre las primeras campañas en la Guerra de la Independencia de Chile. Presentada a la Universidad en el segundo aniversario de su constitución. Por D. J. Benavente. Miembro de la Facultad de leyes i Ciencias Políticas
Furkejuvvon:
| Váldodahkki: | |
|---|---|
| Materiálatiipa: | Girji |
| Giella: | espánnjágiella |
| Almmustuhtton: |
Santiago
Imprenta de La Opinión
1845
|
| Preanttus: | 1a. ed |
| Fáttát: | |
| Fáddágilkorat: |
Lasit fáddágilkoriid
Eai fáddágilkorat, Lasit vuosttaš fáddágilkora!
|
MARC
| LEADER | 00000nam a2200000 a 4500 | ||
|---|---|---|---|
| 001 | UCJ5183 | ||
| 003 | CL-VaPUC | ||
| 008 | 070124e18450000CL |||||||||||||||||spa|d | ||
| 082 | 0 | 4 | |a 983 |b BEN |2 21 |
| 100 | 0 | |a Benavente, Diego José |e author |9 315177 | |
| 245 | 1 | 0 | |a Memoria sobre las primeras campañas en la Guerra de la Independencia de Chile. Presentada a la Universidad en el segundo aniversario de su constitución. Por D. J. Benavente. Miembro de la Facultad de leyes i Ciencias Políticas |
| 250 | |a 1a. ed | ||
| 300 | |a 200 p | ||
| 942 | |c BK | ||
| 945 | |d 20070124 00:00:00 |a rinostro | ||
| 260 | |a Santiago |b Imprenta de La Opinión |c 1845 | ||
| 500 | |a Advierte errata | ||
| 600 | 0 | 7 | |a HILLYARD, JAMES |2 CL-VaPUC |9 505451 |
| 600 | 0 | 7 | |a OSORIO, MARIANO |2 CL-VaPUC |9 505208 |
| 600 | 0 | 7 | |a PAREJA, ANTONIO |2 CL-VaPUC |9 508429 |
| 600 | 0 | 7 | |a BELLO, ANDRES |2 CL-VaPUC |9 510035 |
| 650 | 0 | |a Guerra de la independencia |9 331979 | |
| 650 | 0 | |a Operaciones militares |9 372045 | |
| 650 | 0 | |a Historia de Chile |9 265473 | |
| 583 | |a last modification |c 20070124 00:00:00 |k Rodrigo Vera | ||
| 999 | |c 321296 |d 321294 | ||
| 952 | |0 0 |1 0 |4 0 |6 983_000000000000000_BEN_1845 |7 0 |8 X |9 399998 |a FDOBUD |b FDOBUD |d 2019-11-22 |i 1030981 |o 983 BEN 1845 |p 1030981 |r 2019-11-22 |w 2019-11-22 |y BK_X |k BUD | ||